[Event "London Classic Open 2016"]
[Site "London ENG"]
[Date "2016.12.10"]
[Round "2.11"]
[White "Istratescu, Andrei"]
[Black "Zapolskis, Antanas"]
[Result "0-1"]
[WhiteTitle "GM"]
[BlackTitle "IM"]
[WhiteElo "2596"]
[BlackElo "2294"]
[WhiteFideId "1200372"]
[BlackFideId "12800210"]
[EventDate "2016.12.09"]

1. d4 b5 2. e4 Bb7 3. Bd3 e6 4. Nf3 c5 5. c3 a6 6. O-O Nf6 7. Re1 d6 8. a4 c4 9.
Bc2 Be7 10. axb5 axb5 11. Rxa8 Bxa8 12. Na3 Qd7 13. Nxb5 Nxe4 14. Bxe4 Bxe4 15.
Nxd6+ Bxd6 16. Rxe4 O-O 17. Qe2 Rc8 18. g3 h6 19. Bf4 Bxf4 20. Rxf4 Qd5 21. Ne5
f6 22. Ng4 Nd7 23. Ne3 Qc6 24. d5 exd5 25. Nf5 Kh8 26. Qe7 Rg8 27. Rh4 Ne5 28.
Nxh6 Nf3+ 29. Kf1 Nxh4 30. Nxg8 d4 31. gxh4 d3 32. Ke1 Kxg8 33. h5 Kh7 34. Kd2
Qa4 35. Qe4+ Kh8 36. Ke3 Qd7 37. Kd2 Qb5 38. Ke3 Qg5+ 39. Kd4 d2 40. Qf3 Qe5+
41. Kxc4 Qe1 0-1

[Event "London Classic Open 2016"]
[Site "London ENG"]
[Date "2016.12.10"]
[Round "2.12"]
[White "Lercel, Michal"]
[Black "Hawkins, Jonathan"]
[Result "0-1"]
[BlackTitle "GM"]
[WhiteElo "2266"]
[BlackElo "2590"]
[WhiteFideId "1114700"]
[BlackFideId "412686"]
[EventDate "2016.12.09"]

1. d4 d5 2. c4 e6 3. Nc3 Nf6 4. cxd5 exd5 5. Bg5 c6 6. Qc2 Be7 7. e3 Nbd7 8. Bd3
O-O 9. Nge2 Re8 10. O-O Nf8 11. f3 Be6 12. Rad1 Ng6 13. Ng3 a6 14. Rfe1 Bd6 15.
Nf5 Bc7 16. Nh4 Qd6 17. g4 Bd8 18. Nxg6 fxg6 19. Bf4 Qe7 20. h4 Bc7 21. Ne2 Nxg4
22. fxg4 Bxg4 23. Qc5 Bxf4 24. Qxe7 Bxe3+ 25. Qxe3 Rxe3 26. Nf4 Rg3+ 27. Kh2 Rf3
28. Ne6 Rf6 29. Nc7 Bxd1 30. Nxa8 Rf2+ 31. Kg1 Rd2 32. Bf1 Rxd4 33. Nc7 Bc2 34.
Re8+ 0-1

[Event "London Classic Open 2016"]
[Site "London ENG"]
[Date "2016.12.10"]
[Round "2.13"]
[White "Lenderman, Aleksandr"]
[Black "O'Toole, George E"]
[Result "1-0"]
[WhiteTitle "GM"]
[WhiteElo "2581"]
[BlackElo "2262"]
[WhiteFideId "2021285"]
[BlackFideId "412732"]
[EventDate "2016.12.09"]

1. Nf3 Nf6 2. c4 e6 3. d4 d5 4. g3 Bb4+ 5. Nc3 O-O 6. Bg2 c6 7. O-O Nbd7 8. Qd3
Qe7 9. a3 Bd6 10. Nd2 Bc7 11. e4 dxc4 12. Nxc4 a5 13. e5 Nd5 14. Ne4 b6 15. Re1
h6 16. Qd1 Ba6 17. Ne3 Rad8 18. Qc2 Bb7 19. Nxd5 exd5 20. Nc3 Nb8 21. Be3 Na6
22. f4 f5 23. Na4 b5 24. Nc3 Bb6 25. Qf2 Nc7 26. Rec1 Ne6 27. Ne2 h5 28. Rc2 g6
29. Rd1 Rd7 30. Nc1 Kg7 31. Nd3 Qd8 32. Rdc1 Rc7 33. Bf3 Rh8 34. h3 Kf8 35. Kf1
Qa8 36. Ne1 Qa7 37. Rd1 Ba8 38. Be2 Qb8 39. Nf3 Bb7 40. Rdc1 Qe8 41. Bd3 Rf7 42.
Ke2 Bd8 43. Rg1 Rfh7 44. Rcc1 Qf7 45. Rg2 Ke8 46. Rc2 Ba8 47. Kd1 Rg7 48. Qd2
Bb7 49. Kc1 Rf8 50. Kb1 Rgg8 51. Rc1 Rg7 52. Qe1 Bb6 53. Qd1 Rgg8 54. Qf1 Qd7
55. Rgc2 Ke7 56. Qe1 Rh8 57. Qf2 Ba8 58. Nh4 Rhg8 59. g4 hxg4 60. hxg4 Nd8 61.
Rg1 fxg4 62. Nxg6+ Ke8 63. Nxf8 Kxf8 64. Qh4 1-0

[Event "London Classic Open 2016"]
[Site "London ENG"]
[Date "2016.12.10"]
[Round "2.14"]
[White "Buchicchio, Giampaolo"]
[Black "Moussard, Jules"]
[Result "0-1"]
[WhiteTitle "FM"]
[BlackTitle "GM"]
[WhiteElo "2262"]
[BlackElo "2571"]
[WhiteFideId "811491"]
[BlackFideId "642908"]
[EventDate "2016.12.09"]

1. e4 g6 2. d4 Bg7 3. Nc3 d6 4. f4 a6 5. Nf3 b5 6. Bd3 Bb7 7. Qe2 Nd7 8. e5 Nh6
9. Be4 Qc8 10. O-O O-O 11. a4 bxa4 12. Nxa4 c5 13. e6 fxe6 14. Bxb7 Qxb7 15.
dxc5 Nf5 16. c3 Nxc5 17. Nxc5 Qb6 18. Ng5 Qxc5+ 19. Kh1 Qb5 20. Qxe6+ Kh8 21.
Rf3 h6 22. Ne4 Rab8 23. Ng3 Rf6 24. Qe1 Nxg3+ 25. hxg3 a5 26. Re3 e5 27. Qe2 Qc5
28. Ra4 Rbf8 29. Qc4 Qb6 30. Rf3 exf4 31. gxf4 Re8 32. Rf1 Rf5 33. Kh2 Rh5+ 34.
Kg3 Qd8 35. Qf7 Rf8 36. Qxg6 Qh4+ 37. Kf3 Rg5 38. Qe4 d5 39. Qe6 Rg3+ 40. Ke2
Rxg2+ 41. Kd3 Qh5 42. Rxa5 Rg3+ 43. Kc2 Re8 44. Qa6 Qf5+ 45. Kb3 Rg2 46. Ka2 Rb8
47. Qd6 Qc8 48. Qxd5 Rgxb2+ 49. Bxb2 Rxb2+ 50. Ka1 Qxc3 51. Qc5 Rb1+ 0-1

[Event "London Classic Open 2016"]
[Site "London ENG"]
[Date "2016.12.10"]
[Round "2.15"]
[White "Blomqvist, Erik"]
[Black "Ronka, Erik"]
[Result "1/2-1/2"]
[WhiteTitle "GM"]
[WhiteElo "2567"]
[BlackElo "2262"]
[WhiteFideId "1709437"]
[BlackFideId "505080"]
[EventDate "2016.12.09"]

1. Nf3 Nf6 2. g3 g6 3. Bg2 Bg7 4. O-O O-O 5. d4 d6 6. b3 c5 7. c4 d5 8. Bb2 cxd4
9. cxd5 Nxd5 10. Nxd4 a6 11. Qd2 e5 12. Nf3 e4 13. Bxg7 Kxg7 14. Ng5 f5 15. Rd1
Qf6 16. Qxd5 Qxg5 17. Nc3 Qf6 18. Qc5 Be6 19. Rac1 Nd7 20. Qe3 Rac8 21. f3 exf3
22. Bxf3 Rc7 23. Rd6 Re8 24. Kf2 Qe5 25. Qf4 Qxf4 26. gxf4 Kf7 27. Ke1 Rec8 28.
Kd2 a5 29. e3 Ke7 30. Rd4 Nf6 31. Ne2 h6 32. h4 b6 33. Rxc7+ Rxc7 34. Nc3 Rc8
35. Nb5 Ne8 36. Na7 Rc7 37. Nc6+ Kf6 38. Ne5 g5 39. hxg5+ hxg5 40. Rd8 Rc8 41.
Rxc8 Bxc8 42. Nc4 a4 43. bxa4 Be6 44. Nxb6 Bxa2 45. a5 Nc7 46. Bb7 Be6 47. Kc3
g4 48. Kd3 Ke7 49. a6 Nb5 50. Nc8+ Kd7 51. a7 Nxa7 52. Nxa7 Kc7 53. Nc6 Bd7 54.
Na5 Kb6 55. e4 fxe4+ 56. Bxe4 Kxa5 57. Ke3 Kb6 58. Kf2 Kc5 59. Kg3 Kd6 1/2-1/2

[Event "London Classic Open 2016"]
[Site "London ENG"]
[Date "2016.12.10"]
[Round "2.16"]
[White "Cordes, Hans-Joerg"]
[Black "Aravindh, Chithambaram VR."]
[Result "0-1"]
[WhiteTitle "FM"]
[BlackTitle "GM"]
[WhiteElo "2259"]
[BlackElo "2566"]
[WhiteFideId "4602234"]
[BlackFideId "5072786"]
[EventDate "2016.12.09"]

1. d4 d5 2. Nf3 Nf6 3. c4 c6 4. cxd5 cxd5 5. Nc3 Nc6 6. Bf4 Bf5 7. e3 a6 8. Bd3
Bxd3 9. Qxd3 e6 10. O-O Be7 11. h3 O-O 12. Rfc1 Rc8 13. Ne5 Nxe5 14. Bxe5 Nd7
15. Bg3 Qa5 16. Ne2 Nf6 17. f3 h6 18. Rc2 Rc6 19. a3 Rfc8 20. Rac1 Qb6 21. Kh1
Rc4 22. Rxc4 dxc4 23. Qd2 Qd8 24. e4 b5 25. Rd1 Qb6 26. Be5 Rd8 27. Nc3 Nd7 28.
Bf4 Bf8 29. Qe1 Qb7 30. Qg3 Kh7 31. Bc7 Rc8 32. Bd6 a5 33. d5 b4 34. axb4 axb4
35. Ne2 Bxd6 36. Qxd6 Nc5 37. Nf4 c3 38. bxc3 bxc3 39. dxe6 fxe6 40. Qd4 c2 41.
Rc1 Qb1 0-1

[Event "London Classic Open 2016"]
[Site "London ENG"]
[Date "2016.12.10"]
[Round "2.17"]
[White "Bogner, Sebastian"]
[Black "Osborne, Marcus E"]
[Result "1-0"]
[WhiteTitle "GM"]
[WhiteElo "2564"]
[BlackElo "2257"]
[WhiteFideId "4692055"]
[BlackFideId "404608"]
[EventDate "2016.12.09"]

1. Nf3 Nf6 2. c4 g6 3. Nc3 Bg7 4. d4 O-O 5. e4 d6 6. h3 e5 7. d5 Nh5 8. g3 f5 9.
exf5 gxf5 10. Bg2 Na6 11. O-O Nc5 12. Nxe5 Nxg3 13. Nc6 bxc6 14. fxg3 Ba6 15.
dxc6 Bxc4 16. Bd5+ Bxd5 17. Qxd5+ Kh8 18. Be3 Rb8 19. Rf2 Qf6 20. Raf1 Qg6 21.
Kh2 Be5 22. Bf4 Bxf4 23. gxf4 Rg8 24. Qd4+ Qg7 25. Rd1 Rb4 26. Qxg7+ Rxg7 27.
Nd5 Re4 28. b4 Ne6 29. Rdd2 Re1 30. Rg2 Re4 31. Rgf2 Re1 32. a4 Rgg1 33. Rde2
Rh1+ 34. Kg3 Rhg1+ 35. Kh4 Rxe2 36. Rxe2 Nd4 37. Re3 Nxc6 38. b5 Nd4 39. Nxc7
Ra1 40. Kg5 Rg1+ 41. Kf6 Rg6+ 42. Ke7 Kg8 43. Ne8 1-0

[Event "London Classic Open 2016"]
[Site "London ENG"]
[Date "2016.12.10"]
[Round "2.18"]
[White "Nandhidhaa, PV"]
[Black "Shabalov, Alexander"]
[Result "0-1"]
[WhiteTitle "WIM"]
[BlackTitle "GM"]
[WhiteElo "2251"]
[BlackElo "2563"]
[WhiteFideId "5050847"]
[BlackFideId "2008572"]
[EventDate "2016.12.09"]

1. e4 g6 2. d4 Bg7 3. Nc3 d6 4. Nf3 a6 5. a4 Nf6 6. Be2 O-O 7. O-O b6 8. Re1 Bb7
9. Bf1 Nc6 10. h3 e6 11. Bg5 h6 12. Bh4 g5 13. Bg3 Ne7 14. Nh2 Ng6 15. Ng4 Nd7
16. e5 h5 17. Nf6+ Bxf6 18. exf6 h4 19. Bh2 Nxf6 20. Bd3 Kg7 21. Bxg6 Kxg6 22.
f4 gxf4 23. Bxf4 Rg8 24. Rf1 Kh7 25. Qd3+ Kh8 26. Rf2 Rg6 27. Re1 Qg8 28. Ree2
Qg7 29. d5 Rg8 30. Be3 Nxd5 31. Bd4 f6 32. Qd2 Nxc3 33. Bxc3 e5 34. b3 Rg3 35.
Rf5 Qg6 0-1

[Event "London Classic Open 2016"]
[Site "London ENG"]
[Date "2016.12.10"]
[Round "2.19"]
[White "Svane, Rasmus"]
[Black "Merriman, John"]
[Result "1/2-1/2"]
[WhiteTitle "GM"]
[WhiteElo "2555"]
[BlackElo "2243"]
[WhiteFideId "4657101"]
[BlackFideId "402362"]
[EventDate "2016.12.09"]

1. d4 e6 2. c4 Nf6 3. Nf3 d5 4. Nc3 Be7 5. Bf4 O-O 6. e3 Nbd7 7. Be2 c6 8. O-O
Nh5 9. Be5 f6 10. Bg3 Nxg3 11. hxg3 f5 12. Rb1 Rf6 13. b4 a6 14. a4 Rh6 15. b5
g5 16. bxc6 bxc6 17. cxd5 cxd5 18. Ne5 Nxe5 19. dxe5 g4 20. Qd4 Qa5 21. Rfc1 Rg6
22. Qb6 Qxb6 23. Rxb6 Kf7 24. Na2 a5 25. Rc7 Ke8 26. Bb5+ Kd8 27. Rbc6 Rg7 28.
Nc1 Bf8 29. Rxg7 Bxg7 30. Nd3 Ra7 31. Nc5 Re7 32. Rd6+ Kc7 33. Rc6+ Kd8 34. Rd6+
Kc7 35. Nd3 Bb7 36. Nf4 Bxe5 37. Rxe6 Rxe6 38. Nxe6+ Kd6 39. Nd4 Bc8 40. Kf1
Bxd4 41. exd4 Ke7 42. Ke2 Kf6 43. Bc6 Be6 44. Kd2 Kg5 45. Ke3 Bf7 46. Bd7 Bg8
47. Be8 Be6 48. Bb5 Bf7 49. Bd3 Bg8 50. f3 h5 51. Bb5 Be6 52. Be8 Bg8 53. Bc6
Bf7 54. Bd7 Bg8 55. Be8 Be6 56. Kf2 Bg8 57. Ke3 Be6 58. Ke2 Bg8 59. Ke3 1/2-1/2

[Event "London Classic Open 2016"]
[Site "London ENG"]
[Date "2016.12.10"]
[Round "2.20"]
[White "Sadzikowski, Daniel"]
[Black "Player, Edmund C"]
[Result "1-0"]
[WhiteTitle "IM"]
[WhiteElo "2547"]
[BlackElo "2239"]
[WhiteFideId "1132253"]
[BlackFideId "406520"]
[EventDate "2016.12.09"]

1. c4 e5 2. g3 Nc6 3. Bg2 g6 4. Nc3 Bg7 5. d3 d6 6. e4 f5 7. Nge2 Nf6 8. O-O O-O
9. Nd5 Be6 10. Bg5 Qd7 11. Qd2 Nh5 12. exf5 Bxf5 13. b4 Kh8 14. b5 Nd8 15. Bxd8
Raxd8 16. Nb4 Rb8 17. Qe3 c5 18. Nd5 Nf6 19. Nec3 Ng4 20. Qd2 Be6 21. Rab1 Nh6
22. a4 Nf5 23. Ne2 Bh6 24. Qa5 b6 25. Qc3 Ng7 26. a5 Bg4 27. Qc2 Bf3 28. axb6
axb6 29. Ra1 Bg5 30. Ra6 Bd8 31. Bxf3 Rxf3 32. Kg2 Rf7 33. Rfa1 Rb7 34. Ra8 Ne6
35. Ng1 Nd4 36. Qd1 Kg7 37. R1a2 Bg5 38. Qe1 h5 39. Qe4 Bd8 40. R2a6 h4 1-0

[Event "London Classic Open 2016"]
[Site "London ENG"]
[Date "2016.12.10"]
[Round "2.21"]
[White "Richardson, John R"]
[Black "Schroeder, Jan-Christian"]
[Result "0-1"]
[WhiteTitle "FM"]
[BlackTitle "GM"]
[WhiteElo "2248"]
[BlackElo "2541"]
[WhiteFideId "401617"]
[BlackFideId "24662259"]
[EventDate "2016.12.09"]

1. d4 d5 2. c4 e6 3. Nc3 c6 4. e4 dxe4 5. Nxe4 Bb4+ 6. Nc3 c5 7. a3 Ba5 8. Nf3
Nf6 9. Bg5 h6 10. Bh4 Nc6 11. dxc5 Qxd1+ 12. Rxd1 Ne4 13. Rc1 Bxc3+ 14. bxc3 e5
15. Be2 f5 16. Ng1 Nxc5 17. f3 Be6 18. Nh3 Na5 19. O-O Kf7 20. f4 e4 21. Bf2
Rac8 22. Rfd1 b6 23. Rd6 Nab7 24. Rdd1 Rhd8 25. Rxd8 Rxd8 26. Bd4 Na5 27. g4
Ncb3 28. Rd1 Bxc4 29. Kf2 Bxe2 30. Kxe2 g6 31. Nf2 Nc4 32. h4 Nxa3 33. h5 Nxd4+
34. cxd4 Nb5 35. Ke3 Nc3 36. hxg6+ Kxg6 37. Rh1 Nd5+ 38. Ke2 Nxf4+ 39. Ke3 Nd5+
40. Ke2 Nf6 0-1

[Event "London Classic Open 2016"]
[Site "London ENG"]
[Date "2016.12.10"]
[Round "2.22"]
[White "Ehlvest, Jaan"]
[Black "Hill, Alistair"]
[Result "1-0"]
[WhiteTitle "GM"]
[WhiteElo "2532"]
[BlackElo "2237"]
[WhiteFideId "4500016"]
[BlackFideId "432407"]
[EventDate "2016.12.09"]

1. d4 Nf6 2. Nf3 g6 3. g3 Bg7 4. Bg2 c5 5. O-O O-O 6. c4 cxd4 7. Nxd4 d5 8. cxd5
Nxd5 9. Nb5 Be6 10. Bxd5 Bxd5 11. N1c3 Bxc3 12. Nxc3 Bc6 13. Qb3 Nd7 14. Rd1 Re8
15. Nd5 Qc8 16. Qb4 Bxd5 17. Rxd5 Nf6 18. Rd3 Qh3 19. Qxb7 Rad8 20. Rxd8 Rxd8
21. Bf4 Rd5 22. f3 g5 23. Be3 Qe6 24. Qb3 a6 25. Re1 Qe5 26. Bc1 Rc5 27. Qe3 Qc7
28. Bd2 h6 29. Bb4 Re5 30. Qd4 Rd5 31. Qf2 Rd7 32. e4 Qc4 33. a3 Qb3 34. Qe2 Rd3
35. Bc3 Rxc3 36. bxc3 Qxa3 37. Qc4 e6 38. Qd4 Ne8 39. Rb1 Ng7 40. g4 a5 41. e5 1-0

[Event "London Classic Open 2016"]
[Site "London ENG"]
[Date "2016.12.10"]
[Round "2.23"]
[White "Rydstrom, Tom"]
[Black "Karthikeyan, Murali"]
[Result "0-1"]
[WhiteTitle "FM"]
[BlackTitle "GM"]
[WhiteElo "2239"]
[BlackElo "2530"]
[WhiteFideId "1714830"]
[BlackFideId "5074452"]
[EventDate "2016.12.09"]

1. e4 c5 2. Nf3 e6 3. d4 cxd4 4. Nxd4 Nc6 5. Nc3 Qc7 6. g3 Nf6 7. Bg2 a6 8. O-O
Be7 9. Nb3 h5 10. f4 d6 11. Qe2 b5 12. a3 Bb7 13. h3 Nd7 14. Be3 Nc5 15. Qf2 Na4
16. Nxa4 bxa4 17. Nd4 Nxd4 18. Bxd4 O-O 19. Qe2 e5 20. Bc3 h4 21. f5 Qd8 22.
Rad1 hxg3 23. Bxe5 dxe5 24. Rxd8 Rfxd8 25. Qg4 Bc5+ 26. Kh1 Bf2 27. f6 g6 28.
Qg5 Rd6 29. Qxe5 Rad8 30. Bf3 Rd2 31. Qf4 R8d6 32. Qe5 Bc6 33. Qf4 Bc5 34. Qxg3
Rxc2 35. e5 Rd3 36. e6 Bxf3+ 37. Rxf3 Rd1+ 0-1

[Event "London Classic Open 2016"]
[Site "London ENG"]
[Date "2016.12.10"]
[Round "2.24"]
[White "Handke, Florian"]
[Black "Chan, Kim Yew"]
[Result "1-0"]
[WhiteTitle "GM"]
[WhiteElo "2515"]
[BlackElo "2231"]
[WhiteFideId "4634527"]
[BlackFideId "5717981"]
[EventDate "2016.12.09"]

1. e4 c5 2. Nf3 g6 3. c3 Bg7 4. d4 cxd4 5. cxd4 d5 6. e5 Nc6 7. Bb5 Bg4 8. Bxc6+
bxc6 9. Nbd2 f6 10. O-O fxe5 11. dxe5 Nh6 12. h3 Bxf3 13. Nxf3 c5 14. Be3 Rc8
15. Rc1 d4 16. Bg5 Nf7 17. Bh4 O-O 18. Qb3 Qb6 19. Qc4 e6 20. Be7 Rfe8 21. Bxc5
Qxb2 22. Bxd4 Rxc4 23. Bxb2 Rec8 24. Rb1 Re4 25. Rfd1 Nxe5 26. Bxe5 Bxe5 27.
Nxe5 Rxe5 28. Rd7 Ra5 29. Rbb7 Rxa2 30. Rg7+ Kh8 31. Rxh7+ Kg8 32. Rhg7+ Kf8 33.
Rbf7+ Ke8 34. Rh7 a5 35. Ra7 Ra1+ 36. Kh2 1-0

[Event "London Classic Open 2016"]
[Site "London ENG"]
[Date "2016.12.10"]
[Round "2.25"]
[White "Stigar, Petter"]
[Black "Bellahcene, Bilel"]
[Result "0-1"]
[WhiteTitle "FM"]
[BlackTitle "IM"]
[WhiteElo "2236"]
[BlackElo "2496"]
[WhiteFideId "1500341"]
[BlackFideId "696358"]
[EventDate "2016.12.09"]

1. Nf3 d5 2. d4 e6 3. c4 c6 4. e3 Bd6 5. Bd3 f5 6. O-O Nh6 7. b3 Nd7 8. Ba3 Bb8
9. Nc3 Qf6 10. Rc1 Kf7 11. Qe2 Re8 12. Rc2 Nf8 13. Ne5+ Bxe5 14. dxe5 Qxe5 15.
Bb2 Ng4 16. g3 Qd6 17. Rd1 Bd7 18. Be4 Nf6 19. Bg2 Qe7 20. f3 Rad8 21. Rcd2 Bc8
22. e4 dxe4 23. fxe4 Rxd2 24. Rxd2 Rd8 25. exf5 e5 26. Rxd8 Qxd8 27. Ne4 Bxf5
28. Bxe5 Bxe4 29. Bxe4 Qa5 30. Bxf6 gxf6 31. Bf3 Ne6 32. Bh5+ Ke7 33. Bg4 f5 34.
Bf3 Qc3 35. Kg2 Kd6 36. Qf2 Nd4 37. Bd1 Qd3 38. Qf4+ Kc5 39. Qe5+ Kb4 40. Qe1+
Ka3 41. Qa5+ Kb2 42. Bh5 a6 43. c5 Ne6 44. Bf7 Qe2+ 0-1

[Event "London Classic Open 2016"]
[Site "London ENG"]
[Date "2016.12.10"]
[Round "2.26"]
[White "Fodor, Tamas Jr."]
[Black "Boel, Marcel"]
[Result "1-0"]
[WhiteTitle "GM"]
[WhiteElo "2494"]
[BlackElo "2219"]
[WhiteFideId "723762"]
[BlackFideId "1008870"]
[EventDate "2016.12.09"]

1. d4 Nf6 2. c4 e6 3. Nc3 Bb4 4. Qc2 d5 5. cxd5 exd5 6. Bf4 c5 7. dxc5 Ne4 8.
Bxb8 Bxc3+ 9. bxc3 Rxb8 10. e3 Qa5 11. Bd3 O-O 12. Ne2 g6 13. Bxe4 dxe4 14. Qxe4
Qxc5 15. Qd4 Qa5 16. Qb4 Qa6 17. Qb2 Be6 18. O-O Bc4 19. Rfe1 Bxe2 20. Rxe2 Rfc8
21. Rd2 Rc7 22. Rad1 Qf6 23. Rd4 Rbc8 24. R1d3 a6 25. h3 Rc6 26. Qxb7 Rxc3 27.
Rxc3 Rxc3 28. Qb8+ Kg7 29. Rf4 Qc6 30. Qe5+ f6 31. Qe7+ 1-0

[Event "London Classic Open 2016"]
[Site "London ENG"]
[Date "2016.12.10"]
[Round "2.27"]
[White "Kett, Tim"]
[Black "Hebden, Mark L"]
[Result "0-1"]
[BlackTitle "GM"]
[WhiteElo "2228"]
[BlackElo "2492"]
[WhiteFideId "1801210"]
[BlackFideId "400084"]
[EventDate "2016.12.09"]

1. e4 e5 2. Nf3 Nc6 3. Bc4 Nf6 4. d3 Be7 5. Nc3 O-O 6. O-O d6 7. h3 Na5 8. Bb3
c6 9. d4 Qc7 10. Bg5 b5 11. Re1 a6 12. Bh4 Bb7 13. dxe5 dxe5 14. Bg3 Nd7 15. Nd4
Nxb3 16. axb3 g6 17. Qg4 Kh8 18. Rad1 Bc8 19. Qe2 Nc5 20. h4 f6 21. h5 Ne6 22.
hxg6 hxg6 23. Qe3 Rf7 24. Qh6+ Rh7 25. Qxg6 Nf8 26. Qe8 Bb7 27. Ne6 Qb6 0-1

[Event "London Classic Open 2016"]
[Site "London ENG"]
[Date "2016.12.10"]
[Round "2.28"]
[White "Adair, James R"]
[Black "Willmoth, Robert F"]
[Result "1-0"]
[WhiteTitle "IM"]
[BlackTitle "CM"]
[WhiteElo "2489"]
[BlackElo "2216"]
[WhiteFideId "406252"]
[BlackFideId "402540"]
[EventDate "2016.12.09"]

1. e4 c5 2. Nf3 b6 3. d4 cxd4 4. Nxd4 Bb7 5. Nc3 a6 6. Bg5 d6 7. Qe2 Nd7 8.
O-O-O h6 9. Ne6 Qc8 10. Nxf8 Nxf8 11. Be3 Nd7 12. f3 Qc6 13. Bd4 Ngf6 14. g4 b5
15. a3 e5 16. Bf2 O-O-O 17. Qe3 Nc5 18. b4 Ncd7 19. Nd5 Nxd5 20. exd5 Qc7 21.
Rd3 Nf6 22. Rc3 Nxd5 23. Rxc7+ Kxc7 24. Qb3 Kb8 25. c4 Rc8 26. Kb2 Nf6 27. Qe3
bxc4 28. Qa7+ Kc7 29. Bxc4 1-0

[Event "London Classic Open 2016"]
[Site "London ENG"]
[Date "2016.12.10"]
[Round "2.29"]
[White "Grant, Jonathan I M"]
[Black "Hector, Jonny"]
[Result "0-1"]
[BlackTitle "GM"]
[WhiteElo "2218"]
[BlackElo "2488"]
[WhiteFideId "2400294"]
[BlackFideId "1700090"]
[EventDate "2016.12.09"]

1. c4 e5 2. g3 h5 3. Nf3 h4 4. Nxh4 Rxh4 5. gxh4 Qxh4 6. Nc3 Qxc4 7. Qa4 Qe6 8.
Bg2 Nc6 9. d3 Nge7 10. Bd2 d5 11. b4 Bd7 12. b5 Nd4 13. e3 Qg6 14. exd4 Qxg2 15.
O-O-O Qxf2 16. Rde1 Qxd4 17. Qxd4 exd4 18. Nxd5 Kd8 19. Bb4 Be6 20. Nf4 Kd7 21.
Bxe7 Bxe7 22. Nxe6 fxe6 23. Re4 Bf6 24. h4 a6 25. bxa6 Rxa6 26. Kb2 Rb6+ 27. Kc2
Rc6+ 28. Kb2 Rc3 29. Rh3 c5 30. h5 Bg5 31. Rg4 Bc1+ 32. Kb1 Bh6 33. Rhg3 Kd6 34.
Kb2 b5 35. a3 Kd5 36. Rg6 c4 37. dxc4+ Rxc4 38. Rxg7 Bxg7 39. Rxg7 Rc3 40. h6
Rh3 41. h7 e5 42. Rb7 Kc4 43. Rc7+ Kd3 44. Rg7 Rh2+ 45. Kb3 e4 46. Kb4 e3 47.
Kxb5 e2 48. Re7 Kd2 0-1

[Event "London Classic Open 2016"]
[Site "London ENG"]
[Date "2016.12.10"]
[Round "2.30"]
[White "Karthikeyan, P."]
[Black "Czajkowski, Adam"]
[Result "1-0"]
[WhiteTitle "IM"]
[WhiteElo "2474"]
[BlackElo "2212"]
[WhiteFideId "5018226"]
[BlackFideId "1151932"]
[EventDate "2016.12.09"]

1. d4 Nf6 2. c4 g6 3. Nc3 d5 4. Bf4 Bg7 5. Rc1 O-O 6. e3 c5 7. dxc5 Qa5 8. cxd5
Rd8 9. Bc4 Be6 10. Qa4 Qxa4 11. Nxa4 Nxd5 12. Ne2 Nb4 13. O-O Nxa2 14. Rcd1 Nc6
15. Bxe6 fxe6 16. Bg3 Nab4 17. Nec3 Kf7 18. Ne4 h6 19. f3 Ne5 20. Bxe5 Bxe5 21.
Kf2 Rd5 22. Ra1 Rad8 23. Ke2 Rd3 24. Nac3 Nc2 25. Rxa7 Rxe3+ 26. Kf2 Bd4 27. Kg3
Rb8 28. Rd1 e5 29. Ra4 Ne1 30. Rd2 Nd3 31. Rc4 Nf4 32. Rcxd4 exd4 33. Rxd4 Ne2+
34. Nxe2 Rxe2 35. Rb4 Rc2 36. h4 e6 37. Rb6 Ke7 38. b4 Ra2 39. b5 Ra7 40. c6 Kd8
41. c7+ Kxc7 42. Rxe6 Ra5 43. b6+ Kd7 44. Rd6+ Ke7 45. Rxg6 h5 46. Rh6 Rf8 47.
Ng5 Kd7 48. Rxh5 Rf6 49. Rh7+ Kc6 50. Ne4 Rg6+ 51. Kh3 Kxb6 52. h5 Rc6 53. g4
Ka6 54. g5 Ra1 55. g6 Rg1 56. g7 Rb6 57. Ng3 1-0

[Event "London Classic Open 2016"]
[Site "London ENG"]
[Date "2016.12.10"]
[Round "2.31"]
[White "Deepan, Chakkravarthy J."]
[Black "Haessel, Dale R."]
[Result "1-0"]
[WhiteTitle "GM"]
[BlackTitle "FM"]
[WhiteElo "2471"]
[BlackElo "2208"]
[WhiteFideId "5011132"]
[BlackFideId "2012618"]
[EventDate "2016.12.09"]

1. Nf3 Nf6 2. c4 c5 3. Nc3 d5 4. cxd5 Nxd5 5. e4 Nb4 6. Bc4 Nd3+ 7. Ke2 Nf4+ 8.
Kf1 Ne6 9. d3 Nc6 10. a3 g6 11. h4 h6 12. Be3 Ned4 13. Bxd4 cxd4 14. Ne2 Bg7 15.
Qd2 Bg4 16. Bxf7+ Kxf7 17. Qf4+ Bf6 18. Qxg4 Qb6 19. Nf4 Ne5 20. Nxe5+ Bxe5 21.
Rh3 Rhg8 22. h5 Qxb2 23. Qe6+ Kf8 24. Nxg6+ Rxg6 25. hxg6 Qxa1+ 26. Ke2 Qb2+ 27.
Kf3 Ke8 28. Qxe5 Rc8 29. Rxh6 1-0

[Event "London Classic Open 2016"]
[Site "London ENG"]
[Date "2016.12.10"]
[Round "2.32"]
[White "Gurevich, Artjom"]
[Black "Zhou, Yang-Fan"]
[Result "1-0"]
[BlackTitle "IM"]
[WhiteElo "2207"]
[BlackElo "2470"]
[WhiteFideId "2603870"]
[BlackFideId "468584"]
[EventDate "2016.12.09"]

1. d4 Nf6 2. c4 g6 3. Nc3 Bg7 4. Nf3 O-O 5. g3 d6 6. Bg2 Nbd7 7. O-O e5 8. h3
Re8 9. e4 exd4 10. Nxd4 a6 11. Be3 Rb8 12. Qc2 Ne5 13. b3 c5 14. Nde2 b5 15. f4
Ned7 16. Rad1 b4 17. e5 bxc3 18. exf6 Qxf6 19. Rd3 Nb6 20. g4 Bb7 21. Nxc3 Qe7
22. Bxb7 Qxb7 23. Qg2 Rxe3 24. Qxb7 Rxb7 25. Rxe3 Bd4 26. Kf2 a5 27. Kf3 Bxe3
28. Kxe3 a4 29. Nxa4 Nxa4 30. bxa4 Kf8 31. Ke4 Ke7 32. Rf3 Kd7 33. Rb3 Ra7 34.
Kd5 Kc7 35. Re3 Kd7 36. Rb3 Kc7 37. Re3 Rxa4 38. Re7+ Kb6 39. Rd7 Rxa2 40. Rxd6+
Ka5 41. Kxc5 Rh2 42. Rd3 Ka4 43. Rc3 f5 44. gxf5 gxf5 45. Kd6 Kb4 46. Rc1 Rd2+
47. Kc6 Rd8 48. c5 Rc8+ 49. Kb6 1-0